000 00347 a2200109 4500
001 ART_18443
005 20260410161919.0
008 260409a
245 1 0 _aCoordinación de los gravámenes sobre los ingresos brutos
100 1 _aChalupowicz, Israel
773 0 _tLa información
_g- Tomo XXXIV, Nº 561 (sep. 1976)
_wREV14902
999 _c27551
_d27551